Statistics for Songs by Letter - C

Click here to take the quiz!

General Stats

  • This quiz has been taken 75 times
  • The average score is 9 of 18

Answer Stats

SongArtist% Correct
Candle In The WindElton John
84%
Call Me MaybeCarly Rae Jepsen
73%
CreepRadiohead
70%
Comfortably NumbPink Floyd
69%
Can't Feel My FaceThe Weeknd
58%
CrazyGnarls Barkley
57%
Carry On Wayward SonKansas
55%
Cheap ThrillsSia feat. Sean Paul
55%
Crazy TrainOzzy Osbourne
54%
Clint EastwoodGorillaz feat. Del the Funky Homosapien
52%
Castle On The HillEd Sheeran
45%
CenterfoldThe J. Geils Band
45%
California Love2Pac feat. Dr. Dre & Roger Troutman
43%
Can't Fight This FeelingREO Speedwagon
33%
Call On MeEric Prydz
24%
C.R.E.A.M.Wu-Tang Clan
21%
Cowboys From HellPantera
13%
Concrete AngelMartina McBride
9%

Score Distribution

Percentile by Number Answered

Percent of People with Each Score

Your Score History

You have not taken this quiz